00483nam a22001697a 450000500170000001000150001702000260003203500140005803700090007208200080008110000150008924500490010426000490015327000810020230000200028365000100030320260522121252.0 aENG-148616 a9788119670611c495.00 aEN-132148 bDBAD a370 aJ S Rajput aEducation For a New World Order/cJ S Rajput aNew Delhi bVitasta Publishing Pvt Ltdc2024 a2/15, Ansari Road daryaganj,bNew Delhi e110002minfo@vitastapublishing.com a178p.c22cm(pb) aNoval